[Event "Morphy B"]
[Site "Gatineau CAN"]
[Date "2025.01.21"]
[Round "2"]
[White "Ubertelli, Giorgio"]
[Black "Arcand, Pierre"]
[Result "0-1"]
[WhiteElo "997"]
[BlackElo "1200"]
[WhiteFideId "-1"]
[WhiteFideId "-1"]
[PlyCount "76"]
[GameId "2138721250794849"]
[EventDate "2025.01.14"]
[EventType "swiss"]
[EventRounds "7"]
[EventCountry "CAN"]

1. e4 e5 2. Nf3 Nc6 3. Bb5 d6 4. Bxc6+ bxc6 5. O-O Nf6 6. d3 Bg4 7. h3 Bh5 8. Nc3 Be7 9. Ne2 Bxf3 10. gxf3 O-O 11. d4 Qd7 12. Kh2 exd4 13. Qxd4 c5 14. Qc3 Nh5 15. Rg1 Bf6 16. Qd2 Rfe8 17. Qh6 d5 18. Qxh5 g6 19. Qxd5 Qxd5 20. exd5 Rxe2 21. Rg2 Rxc2 22. b3 Bxa1 23. Be3 Bd4 24. Bf4 Rxf2 25. Bxc7 Rxg2+ 26. Kxg2 Re8 27. d6 Bf6 28. Kg3 Bd8 29. d7 Re7 30. Bxd8 Rxd7 31. Bg5 Rd1 32. Be3 Ra1 33. Bxc5 Rxa2 34. b4 a6 35. Kf4 Ra4 36. Ke5 Ra3 37. b5 Ra5 38. b6 Rxc5+ {Abandon} 0-1

[Event "Morphy B"]
[Site "Gatineau CAN"]
[Date "2025.01.28"]
[Round "3"]
[White "Chenard, Paul"]
[Black "Leblanc, Kathleen"]
[Result "1-0"]
[WhiteElo "972"]
[BlackElo "952"]
[WhiteFideId "-1"]
[WhiteFideId "-1"]
[PlyCount "106"]
[GameId "2140093416366795"]
[EventDate "2025.01.14"]
[EventType "swiss"]
[EventRounds "7"]
[EventCountry "CAN"]

1. d4 d5 2. Nc3 Nf6 3. Nf3 e6 4. Bf4 Nc6 5. a3 e5 6. dxe5 d4 7. Nb5 a6 8. Nfxd4 axb5 9. Nxb5 Qxd1+ 10. Rxd1 Ra4 11. Nxc7+ Ke7 12. exf6+ Kxf6 13. Nd5+ Kf5 14. g4+ Kxg4 15. f3+ Kf5 16. Bh3+ Kg6 17. Rg1+ Bg4 18. Bxg4 f5 19. Bh3+ Kh5 20. Bxf5 g6 21. Bg4+ Kh4 22. Bg3+ Kg5 23. h4+ Kh6 24. Nf6 Bc5 25. Rf1 Rf8 26. Nd7 Rd8 27. Nxc5 Rxd1+ 28. Kxd1 Rd4+ 29. Kc1 b6 30. Ne6 Rd7 31. Bf4+ g5 32. Bxg5+ Kg6 33. Nf8+ Kf7 34. Nxd7 Nd4 35. Ne5+ Kg7 36. Kd2 h6 37. Be3 Nb5 38. Rg1 Kf6 39. f4 Nd6 40. Nd7+ Ke7 41. Nxb6 Ne4+ 42. Kd3 Nf6 43. Nc8+ Kf7 44. Nd6+ Ke7 45. Nf5+ Kd8 46. Bb6+ Ke8 47. Bf3 Nd7 48. Rg8+ Kf7 49. Nxh6+ Kf6 50. Bd8+ Ke6 51. Bg4+ Kd6 52. Rg6+ Kc5 (52... Kd5 53. Bxd7 Kc5 54. b4+ Kd5 55. Be6+ Kc6 56. f5 Kb5 57. f6 Ka4 58. c4 Kxa3 59. f7 Kxb4 60. f8=Q+ Kb3 61. Be7 Ka4 62. Rg1 Ka5 63. Rb1 Ka6 64. Qa8#) 53. Bxd7 Kd5 1-0

[Event "Morphy B"]
[Site "Gatineau CAN"]
[Date "2025.01.28"]
[Round "3"]
[White "Falardeau, Alexandre"]
[Black "Simard, Paul"]
[Result "1-0"]
[WhiteElo "1192"]
[BlackElo "1257"]
[WhiteFideId "-1"]
[WhiteFideId "-1"]
[PlyCount "43"]
[GameId "2139506881142848"]
[EventDate "2025.01.14"]
[EventType "swiss"]
[EventRounds "7"]
[EventCountry "CAN"]

1. e4 c5 2. Nf3 d6 3. d4 cxd4 4. Nxd4 e5 5. Nb3 Nf6 6. Nc3 Be7 7. Be2 O-O 8. O-O Nc6 9. f4 a6 10. g4 h6 11. g5 hxg5 12. fxg5 Nh7 13. Nd5 Nxg5 14. Bxg5 Bxg5 15. Bg4 Ne7 16. Bxc8 Rxc8 17. Qh5 Nxd5 18. exd5 Qb6+ 19. Kh1 Qd8 20. Rg1 Bh6 21. Qxh6 Qf6 22. Qxf6 1-0

[Event "Morphy B"]
[Site "Gatineau CAN"]
[Date "2025.01.28"]
[Round "3"]
[White "Gagne, Learry"]
[Black "Rhayem, Haythem"]
[Result "0-1"]
[WhiteElo "1267"]
[BlackElo "1482"]
[WhiteFideId "-1"]
[WhiteFideId "-1"]
[PlyCount "42"]
[GameId "2139506882707525"]
[EventDate "2025.01.14"]
[EventType "swiss"]
[EventRounds "7"]
[EventCountry "CAN"]

1. e4 c6 2. d4 d5 3. Nc3 a6 4. exd5 cxd5 5. Nf3 Bg4 6. Be2 e6 7. Ne5 Bxe2 8. Nxe2 h6 9. O-O Nf6 10. h3 Bd6 11. Bf4 O-O 12. b3 Nc6 13. c4 Rc8 14. cxd5 Nxd5 15. Qd2 Bb4 16. Qb2 Nxf4 17. Nxf4 Nxe5 18. dxe5 Bc3 19. Rad1 Bxb2 20. Rxd8 Rfxd8 21. Re1 Rc1 0-1

[Event "Morphy B"]
[Site "Gatineau CAN"]
[Date "2025.01.28"]
[Round "3"]
[White "Lapointe, Francois"]
[Black "Arcand, Pierre"]
[Result "1/2-1/2"]
[WhiteElo "1004"]
[BlackElo "1200"]
[WhiteFideId "-1"]
[WhiteFideId "-1"]
[PlyCount "122"]
[GameId "2139506882707521"]
[EventDate "2025.01.14"]
[EventType "swiss"]
[EventRounds "7"]
[EventCountry "CAN"]

1. e4 e5 2. Nf3 Nc6 3. Nc3 Nf6 4. d4 exd4 5. Nxd4 d6 6. Nxc6 bxc6 7. Bg5 Be7 8. e5 dxe5 9. Qxd8+ Bxd8 10. O-O-O h6 11. Bxf6 Bxf6 12. Ne4 Be7 13. h3 O-O 14. Be2 Bb7 15. Rd7 c5 16. Rxe7 Bxe4 17. Rxc7 Rfc8 18. Re7 Bxg2 19. Rg1 Bxh3 20. Bc4 Rf8 21. Rxe5 Rac8 22. Rg3 Be6 23. Bxe6 fxe6 24. Rxe6 Rxf2 25. Re7 Rd8 26. b3 Rf7 27. Re5 Rc8 28. a4 Rfc7 29. Rc3 c4 30. b4 a6 31. Ra5 Rc6 32. Re3 c3 33. Re7 Rf6 34. Kb1 Rb8 35. b5 axb5 36. axb5 Rf5 37. Rc7 Rbxb5+ 38. Rxb5 Rxb5+ 39. Kc1 Re5 40. Rxc3 h5 41. Rh3 Kh7 42. Kd2 Kh6 43. c4 g5 44. Rc3 Rc5 45. Kd3 h4 46. Kd4 Rc8 47. c5 Kh5 48. Kd5 g4 49. c6 h3 50. Kd6 Kh4 51. Kd7 Rf8 52. c7 h2 53. Rc1 Rf7+ 54. Ke6 Rxc7 55. Rxc7 Kg3 56. Rh7 Kg2 57. Kf5 g3 58. Kg4 Kf2 59. Kf4 Kg2 60. Kg4 h1=Q 61. Rxh1 Kxh1 1/2-1/2

[Event "Morphy B"]
[Site "Gatineau CAN"]
[Date "2025.01.28"]
[Round "3"]
[White "Patry, Onil"]
[Black "Dubois, Simon"]
[Result "0-1"]
[WhiteElo "1185"]
[BlackElo "1244"]
[WhiteFideId "-1"]
[WhiteFideId "-1"]
[PlyCount "106"]
[GameId "2139506882707527"]
[EventDate "2025.01.14"]
[EventType "swiss"]
[EventRounds "7"]
[EventCountry "CAN"]

1. e4 e5 2. Nf3 Nc6 3. Bb5 d6 4. c3 Nf6 5. O-O Nxe4 6. Re1 Nf6 7. d4 e4 8. Ng5 d5 9. f3 Bf5 10. Bf4 h6 11. fxe4 dxe4 12. Nxe4 Nxe4 13. Nd2 Qd5 14. Bc4 Qd7 15. Nxe4 O-O-O 16. Nc5 Bxc5 17. dxc5 f6 18. Qxd7+ Rxd7 19. Rad1 Ne5 20. Bxe5 fxe5 21. Rxd7 Bxd7 22. Rxe5 Re8 23. Rxe8+ Bxe8 24. Kf2 c6 25. g3 Kd8 26. Ke3 Ke7 27. h4 Kf6 28. Kf4 g5+ 29. hxg5+ hxg5+ 30. Ke4 Bg6+ 31. Kf3 Bh5+ 32. Ke4 Bd1 33. a3 a6 34. b3 g4 35. a4 Kg5 36. a5 Bf3+ 37. Ke5 Bd1 38. Kd6 Kf5 39. Kc7 Ke4 40. Kxb7 Kf3 41. Kxc6 Kxg3 42. Be6 Kf4 43. Kb6 g3 44. c6 g2 45. c7 g1=Q+ 46. Kxa6 Be2+ 47. Kb7 Qg2+ 48. Kc8 Qa8+ 49. Kd7 Bb5+ 50. Ke7 Qe8+ 51. Kd6 Qc6+ 52. Ke7 Qxc7+ 53. Kf6 Qxa5 0-1

[Event "Morphy B"]
[Site "Gatineau CAN"]
[Date "2025.02.04"]
[Round "4"]
[White "Arcand, Pierre"]
[Black "Bolduc, Christian"]
[Result "1-0"]
[WhiteElo "1200"]
[BlackElo "1149"]
[WhiteFideId "-1"]
[WhiteFideId "-1"]
[PlyCount "97"]
[GameId "2143845680829278"]
[EventDate "2025.01.14"]
[EventType "swiss"]
[EventRounds "7"]
[EventCountry "CAN"]

1. d4 d5 2. e3 Nf6 3. c4 c6 4. Nf3 e6 5. Nc3 Bb4 6. Bd2 O-O 7. Be2 b6 8. a3 Bxc3 9. Bxc3 c5 10. O-O Ne4 11. cxd5 exd5 12. h3 Re8 13. Nd2 Bf5 14. Nxe4 Bxe4 15. Bf3 Nc6 16. Bxe4 Rxe4 17. Qf3 Qd7 18. dxc5 Rae8 19. cxb6 axb6 20. Qg3 d4 21. Rad1 b5 22. exd4 Nxd4 23. Kh2 Qa7 24. Bxd4 Rxd4 25. Rxd4 Qxd4 26. Re1 Qd8 27. Rxe8+ Qxe8 28. Qb3 h6 29. Qb4 Qe5+ 30. g3 Qf5 31. Qd2 g5 32. Qe2 Kg7 33. Kg2 Qd5+ 34. Qf3 Qxf3+ 35. Kxf3 h5 36. b3 Kg6 37. a4 bxa4 38. bxa4 f5 39. a5 g4+ 40. hxg4 fxg4+ 41. Kg2 Kg5 42. a6 h4 43. gxh4+ Kxh4 44. a7 Kg5 45. a8=Q Kh4 46. Qh8+ Kg5 47. Qh2 Kf5 48. Kg3 Kg5 49. Qh4+ {Abandon} 1-0

[Event "Morphy B"]
[Site "Gatineau CAN"]
[Date "2025.02.04"]
[Round "4"]
[White "Dubois, Simon"]
[Black "Perrier, Vincent"]
[Result "0-1"]
[WhiteElo "1244"]
[BlackElo "1240"]
[WhiteFideId "-1"]
[WhiteFideId "-1"]
[PlyCount "96"]
[GameId "2143845680812887"]
[EventDate "2025.01.14"]
[EventType "swiss"]
[EventRounds "7"]
[EventCountry "CAN"]
[TimeControl "60+30"]

1. e4 c5 2. Nc3 Nc6 3. Bb5 Qc7 4. Bxc6 Qxc6 5. d4 cxd4 6. Qxd4 Nf6 7. Bd2 e6 8. O-O-O Bc5 9. Qd3 Ng4 10. Nh3 Bxf2 11. Qf3 Ne5 12. Qxf2 b5 13. Qd4 d6 14. Nf2 O-O 15. Rhe1 a5 16. Nd3 Nc4 17. h4 Ba6 18. h5 h6 19. g4 Nxd2 20. Rxd2 f6 21. Rf2 Rfc8 22. e5 b4 23. exf6 bxc3 24. bxc3 e5 25. Qe3 Qxc3 26. Qe4 Qxd3 27. f7+ Kf8 28. Qxd3 Bxd3 29. Kd1 Bc4 30. g5 hxg5 31. Rg1 Bxf7 32. Rxg5 Rc4 33. Rg6 d5 34. h6 gxh6 35. Rxh6 Ke7 36. Rh7 Rf4 37. Re2 Ke6 38. Kc1 Rg8 39. Kb2 e4 40. Kb3 Be8 41. Kc3 Rg3+ 42. Kd4 e3+ 43. Kd3 Bg6+ 44. Kc3 Bxh7 45. Kb3 Rf2 46. Rxe3+ Rxe3+ 47. Kb2 Rxc2+ 48. Ka1 Re1# 0-1

[Event "Morphy B"]
[Site "Gatineau CAN"]
[Date "2025.02.04"]
[Round "4"]
[White "Simard, Paul"]
[Black "Gagne, Learry"]
[Result "0-1"]
[WhiteElo "1257"]
[BlackElo "1267"]
[WhiteFideId "-1"]
[WhiteFideId "-1"]
[PlyCount "92"]
[GameId "2143845680829277"]
[EventDate "2025.01.14"]
[EventType "swiss"]
[EventRounds "7"]
[EventCountry "CAN"]

1. d4 d5 2. c4 Nf6 3. Nf3 Bf5 4. e3 e6 5. b3 Nc6 6. Bd3 Bb4+ 7. Kf1 Bxd3+ 8. Qxd3 O-O 9. a3 Be7 10. Bb2 b6 11. Nbd2 a5 12. h4 Nd7 13. h5 h6 14. Rh3 Bf6 15. Ke2 dxc4 16. bxc4 Re8 17. Ne4 e5 18. Nxf6+ Nxf6 19. dxe5 Qxd3+ 20. Kxd3 Rad8+ 21. Ke2 Ng4 22. e6 Rxe6 23. Rg3 Nf6 24. Nh4 Nxh5 25. Rf3 Nd4+ 26. Bxd4 Rxd4 27. Rd1 Rxd1 28. Kxd1 Re4 29. Nf5 Rxc4 30. Ne7+ Kh7 31. Rxf7 Ra4 32. Rf5 Nf6 33. Ke2 Rxa3 34. Kf3 Ra4 35. g3 Rc4 36. Rf4 Rxf4+ 37. Kxf4 a4 38. g4 a3 39. g5 hxg5+ 40. Kxg5 Ne4+ 41. Kf5 Nxf2 42. Ng6 a2 43. Nf8+ Kg8 44. Ng6 a1=Q 45. Ne7+ Kh7 46. Ng6 Qf6# 0-1

[Event "Morphy B"]
[Site "Gatineau CAN"]
[Date "2025.02.11"]
[Round "5"]
[White "Escalante-Leblond, Samuel"]
[Black "Rhayem, Haythem"]
[Result "1-0"]
[WhiteElo "1360"]
[BlackElo "1482"]
[WhiteFideId "-1"]
[WhiteFideId "-1"]
[PlyCount "77"]
[GameId "2145692553323182"]
[EventDate "2025.01.14"]
[EventType "swiss"]
[EventRounds "7"]
[EventCountry "CAN"]

1. e4 c6 2. Nc3 d5 3. d4 a6 4. a3 h6 5. Nf3 dxe4 6. Nxe4 Bf5 7. Ng3 Bh7 8. Bd2 e6 9. Be2 Nf6 10. c4 Be7 11. Qb3 Qc7 12. Ne5 Nbd7 13. f4 O-O 14. O-O Rfd8 15. Be3 Rab8 16. Rad1 Qb6 17. Qc3 Qc7 18. Bf3 Rbc8 19. a4 a5 20. b3 Bb4 21. Qb2 Nb6 22. Bd2 c5 23. Bc3 cxd4 24. Bxd4 Bc5 25. Kh1 Nbd7 26. Rfe1 Bxd4 27. Rxd4 Qb6 28. Ne4 Nxe5 29. Nxf6+ gxf6 30. Rxd8+ Rxd8 31. fxe5 f5 32. Rd1 Rxd1+ 33. Bxd1 Qe3 34. Qe2 Qc5 35. g3 b6 36. Qd3 Qxe5 37. Qd8+ Kg7 38. Qxb6 f4 39. Qf2 1-0

[Event "Morphy B"]
[Site "Gatineau CAN"]
[Date "2025.02.11"]
[Round "5"]
[White "Gagne, Learry"]
[Black "Arcand, Pierre"]
[Result "1/2-1/2"]
[WhiteElo "1267"]
[BlackElo "1200"]
[WhiteFideId "-1"]
[WhiteFideId "-1"]
[PlyCount "142"]
[GameId "2144845640860566"]
[EventDate "2025.01.14"]
[EventType "swiss"]
[EventRounds "7"]
[EventCountry "CAN"]

1. e4 e5 2. Nf3 Nc6 3. Bb5 d6 4. O-O Bd7 5. c3 a6 6. Ba4 Nf6 7. d3 Be7 8. Re1 h6 9. Nbd2 O-O 10. Nf1 Bg4 11. Ng3 b5 12. Bc2 Re8 13. h3 Bxf3 14. Qxf3 Nh7 15. Bb3 Ng5 16. Bxg5 Bxg5 17. Bxf7+ Kh8 18. Bxe8 Qxe8 19. Nf5 Ne7 20. Nxe7 Qxe7 21. Qg4 Rf8 22. g3 Qf7 23. Rf1 Be7 24. f4 h5 25. Qf3 exf4 26. Qxf4 Qg6 27. Qe3 Rxf1+ 28. Rxf1 Qe6 29. h4 Qxa2 30. Qf3 g6 31. Rf2 Kg7 32. b4 Qe6 33. Kg2 Bf6 34. d4 Qe7 35. d5 Be5 36. Ra2 Qf6 37. Qxf6+ Kxf6 38. Rxa6 Bxc3 39. Rc6 Bxb4 40. Rxc7 Bc5 41. Kf3 b4 42. Kf4 Bd4 43. Rb7 Bc5 44. g4 hxg4 45. Kxg4 Ke5 46. Kf3 Kf6 47. Kf4 Bf2 48. Rxb4 Bxh4 49. Rb6 Ke7 50. e5 dxe5+ 51. Kxe5 Bg3+ 52. Ke4 g5 53. Kf5 Bf4 54. Rb4 Kd6 55. Rd4 Bc1 56. Ke4 Bf4 57. Rd1 Bg3 58. Kf5 Bf4 59. Ke4 Bg3 60. Rd3 Bf4 61. Rc3 Kd7 62. Rc4 Bd6 63. Kf5 Bf4 64. Rxf4 gxf4 65. Kxf4 Kd6 66. Ke4 Kd7 67. Ke5 Ke7 68. d6+ Kd7 69. Kd5 Kd8 70. Ke6 Ke8 71. d7+ Kd8 1/2-1/2

[Event "Morphy B"]
[Site "Gatineau CAN"]
[Date "2025.02.11"]
[Round "5"]
[White "Patry, Onil"]
[Black "Falardeau, Alexandre"]
[Result "0-1"]
[WhiteElo "1185"]
[BlackElo "1192"]
[WhiteFideId "-1"]
[WhiteFideId "-1"]
[PlyCount "45"]
[GameId "2144845640860569"]
[EventDate "2025.01.14"]
[EventType "swiss"]
[EventRounds "7"]
[EventCountry "CAN"]

1. e4 e5 2. Nf3 Nc6 3. Bb5 a6 4. Ba4 Nf6 5. O-O d6 6. d3 Bg4 7. c3 b5 8. Bb3 Be7 9. Nbd2 d5 10. exd5 Nxd5 11. h3 Bh5 12. Re1 Nf4 13. Ne4 Nxd3 14. Bxf7+ Bxf7 15. Re2 Nxc1 16. Rxc1 Qxd1+ 17. Rxd1 Rd8 18. Rdd2 Rxd2 19. Rxd2 Be6 20. a3 O-O 21. Nfg5 Bf5 22. Ng3 Bxg5 23. Nxf5 0-1

[Event "Morphy B"]
[Site "Gatineau CAN"]
[Date "2025.02.11"]
[Round "5"]
[White "Piche, Danielle"]
[Black "Bolduc, Christian"]
[Result "1-0"]
[WhiteElo "873"]
[BlackElo "1149"]
[WhiteFideId "-1"]
[WhiteFideId "-1"]
[PlyCount "43"]
[GameId "2144845640860563"]
[EventDate "2025.01.14"]
[EventType "swiss"]
[EventRounds "7"]
[EventCountry "CAN"]

1. e4 e5 2. Nf3 Nc6 3. d4 Bd6 4. d5 Nce7 5. Nc3 Nf6 6. Bc4 O-O 7. Be3 h6 8. h3 b6 9. Qd3 a6 10. a3 Ne8 11. O-O-O Bb7 12. Nh4 Bc5 13. Bxc5 bxc5 14. g3 d6 15. Ne2 c6 16. dxc6 Bxc6 17. f4 d5 18. exd5 Nxd5 19. fxe5 Ndc7 20. Qxd8 Rxd8 21. Rxd8 Bxh1 22. Ng6 1-0

[Event "Morphy B"]
[Site "Gatineau CAN"]
[Date "2025.02.11"]
[Round "5"]
[White "Ubertelli, Giorgio"]
[Black "Lapointe, Francois"]
[Result "0-1"]
[WhiteElo "997"]
[BlackElo "1004"]
[WhiteFideId "-1"]
[WhiteFideId "-1"]
[PlyCount "80"]
[GameId "2144845640532882"]
[EventDate "2025.01.14"]
[EventType "swiss"]
[EventRounds "7"]
[EventCountry "CAN"]

1. e4 e5 2. Nf3 Nc6 3. Bb5 a6 4. Bxc6 dxc6 5. Nxe5 Nf6 6. Nc3 b6 7. Nxc6 Qd7 8. Nb4 Qg4 9. Qxg4 Nxg4 10. O-O Bb7 11. Nbd5 Bxd5 12. Nxd5 Rc8 13. d3 c6 14. Ne3 Nxe3 15. Bxe3 Be7 16. Rfe1 O-O 17. Bd4 f6 18. Bc3 Rce8 19. d4 c5 20. dxc5 bxc5 21. e5 fxe5 22. Bxe5 c4 23. Re4 Rc8 24. Bxg7 Rf7 25. Rae1 Bc5 26. Bc3 Rxf2 27. Rxc4 Rxc2+ 28. Kf1 Rf2+ 29. Kg1 Rxb2+ 30. Bd4 Bxd4+ 31. Rxd4 Rxa2 32. Rg4+ Kf7 33. Rf1+ Ke6 34. Re1+ Kf5 35. Rg7 h5 36. h4 Rcc2 37. Rf1+ Ke4 38. Rgf7 Rxg2+ 39. Kh1 Rh2+ 40. Kg1 Rag2# 0-1

[Event "Morphy B"]
[Site "Gatineau CAN"]
[Date "2025.02.18"]
[Round "6"]
[White "Bolduc, Christian"]
[Black "Chenard, Paul"]
[Result "1-0"]
[WhiteElo "1149"]
[BlackElo "972"]
[WhiteFideId "-1"]
[WhiteFideId "-1"]
[PlyCount "89"]
[GameId "2147336521208553"]
[EventDate "2025.01.14"]
[EventType "swiss"]
[EventRounds "7"]
[EventCountry "CAN"]

1. e4 d6 2. Nc3 e5 3. Nf3 h6 4. Bc4 Qe7 5. d3 c6 6. Be3 Nd7 7. a3 g5 8. b4 a6 9. O-O b5 10. Ba2 g4 11. Nd2 Ndf6 12. Ne2 Nh5 13. Ng3 Ngf6 14. Nf5 Qd7 15. c3 Nf4 16. g3 Nxd3 17. Rb1 c5 18. Qb3 Rh7 19. c4 Nxb4 20. axb4 Bb7 21. Rfd1 Nxe4 22. Nh4 Be7 23. Ng2 Ng5 24. Nf1 Nh3+ 25. Kh1 Qc6 26. Rd5 Qd7 27. Qc2 Rh8 28. Rd2 f5 29. bxc5 Be4 30. Qd1 Bf3 31. Qe1 f4 32. gxf4 exf4 33. Bd4 Rh7 34. Rd3 O-O-O 35. Nd2 Bxg2+ 36. Kxg2 Qc6+ 37. Qe4 f3+ 38. Kg3 Nxf2 39. Qxc6+ Kb8 40. Kxf2 Bh4+ 41. Kf1 Rc7 42. Qxa6 Ra7 43. Rxb5+ Ka8 44. Qc6+ Rb7 45. Qxb7# 1-0

[Event "Morphy B"]
[Site "Gatineau CAN"]
[Date "2025.02.18"]
[Round "6"]
[White "Falardeau, Alexandre"]
[Black "Lecorre, Joel"]
[Result "0-1"]
[WhiteElo "1192"]
[BlackElo "1419"]
[WhiteFideId "-1"]
[WhiteFideId "-1"]
[PlyCount "60"]
[GameId "2147336521208549"]
[EventDate "2025.01.14"]
[EventType "swiss"]
[EventRounds "7"]
[EventCountry "CAN"]

1. e4 e6 2. d4 d5 3. Nc3 Nf6 4. e5 Nfd7 5. Bb5 a6 6. Ba4 b5 7. Bb3 Bb7 8. Nce2 c5 9. c3 Nc6 10. Be3 Na5 11. Bc2 Nc4 12. Rb1 Be7 13. Nf3 O-O 14. Qd3 f5 15. exf6 Nxf6 16. Bg5 Ne4 17. h4 h6 18. Ng3 hxg5 19. hxg5 Bxg5 20. Nxg5 Qxg5 21. Nxe4 dxe4 22. Qh3 Qf5 {J'avais un mat en 2 ici. Mais ne le vois pas sur le coup. 22... Dd2 23. Rf1 Dxf2#} 23. Qg3 Rf7 {Troublé d'avoir raté le mat, j'avais résolu de jouer 23... Tf6. Mais en raison de mon état, ma main lâche la pièce en f7. Une perte de temps gênante.} 24. Qh4 Rf6 25. f3 Qf4 26. Qh7+ Kf7 27. Qh5+ Rg6 28. Bxe4 Qd2+ 29. Kf1 Ne3+ 30. Kg1 Qxg2# 0-1

[Event "Morphy B"]
[Site "Gatineau CAN"]
[Date "2025.02.18"]
[Round "6"]
[White "Leblanc, Kathleen"]
[Black "Lapointe, Francois"]
[Result "0-1"]
[WhiteElo "952"]
[BlackElo "1004"]
[WhiteFideId "-1"]
[WhiteFideId "-1"]
[PlyCount "54"]
[GameId "2147336521208552"]
[EventDate "2025.01.14"]
[EventType "swiss"]
[EventRounds "7"]
[EventCountry "CAN"]

1. e4 e5 2. Nc3 Nf6 3. d4 Nc6 4. Bc4 exd4 5. Nce2 Nxe4 6. Bd5 Qe7 7. f3 Nf6 8. Bc4 d5 9. Bb5 Qb4+ 10. Qd2 Qxb5 11. Nf4 Bb4 12. c3 dxc3 13. bxc3 Bd6 14. Qe3+ Ne5 15. Qd4 O-O 16. Qe3 Re8 17. g4 Nxf3+ 18. Nxf3 Rxe3+ 19. Bxe3 Bxg4 20. Nd4 Qc4 21. Rc1 Bxf4 22. h3 Re8 23. hxg4 Rxe3+ 24. Kf2 Rxc3 25. Rce1 Qxd4+ 26. Kf1 Bg3 27. Re7 Qf2# {0-1} 0-1

[Event "Morphy B"]
[Site "Gatineau CAN"]
[Date "2025.02.18"]
[Round "6"]
[White "Rhayem, Haythem"]
[Black "Perrier, Vincent"]
[Result "0-1"]
[WhiteElo "1482"]
[BlackElo "1240"]
[WhiteFideId "-1"]
[WhiteFideId "-1"]
[PlyCount "108"]
[GameId "2147336519164642"]
[EventDate "2025.01.14"]
[EventType "swiss"]
[EventRounds "7"]
[EventCountry "CAN"]

1. c4 c5 2. e4 Nc6 3. g3 e6 4. Nc3 Nge7 5. Bg2 g6 6. Nge2 Bg7 7. O-O h5 8. d3 h4 9. Be3 hxg3 10. fxg3 Nd4 11. Rb1 d6 12. a3 e5 13. Rf2 Bg4 14. Bxd4 exd4 15. Nd5 Qd7 16. Qf1 Nxd5 17. exd5 Bh3 18. b4 Bxg2 19. Qxg2 O-O-O 20. bxc5 dxc5 21. Nf4 g5 22. Ne2 Rh3 23. Qf3 Re8 24. Rb3 f5 25. Kf1 f4 26. Ng1 fxg3 27. Nxh3 gxf2 28. Nxf2 Rf8 29. Qg3 Qf5 30. Kg2 Be5 31. Qg4 Kc7 32. Qxf5 Rxf5 33. Rb2 Bf4 34. Ne4 b6 35. Rf2 Rf8 36. Nxg5 Rg8 37. h4 Bxg5 38. hxg5 Rxg5+ 39. Kf3 Rf5+ 40. Ke2 Rxf2+ 41. Kxf2 Kd6 42. a4 Ke5 43. Kf3 a6 44. Ke2 b5 45. cxb5 axb5 46. a5 Kxd5 47. a6 Kc6 48. a7 Kb7 49. a8=Q+ Kxa8 50. Kd2 Kb7 51. Kc2 Kb6 52. Kb3 Ka5 53. Ka3 c4 54. Kb2 cxd3 0-1

[Event "Morphy B"]
[Site "Gatineau CAN"]
[Date "2025.02.18"]
[Round "6"]
[White "Simard, Paul"]
[Black "Piche, Danielle"]
[Result "1-0"]
[WhiteElo "1257"]
[BlackElo "873"]
[WhiteFideId "-1"]
[WhiteFideId "-1"]
[PlyCount "69"]
[GameId "2147336521208550"]
[EventDate "2025.01.14"]
[EventType "swiss"]
[EventRounds "7"]
[EventCountry "CAN"]

1. d4 d5 2. c4 c6 3. Nf3 Nf6 4. Bf4 e6 5. e3 Bd6 6. Bxd6 Qxd6 7. c5 Qc7 8. Be2 O-O 9. O-O Ne4 10. Nbd2 Nd7 11. Nxe4 dxe4 12. Nd2 Nf6 13. h3 e5 14. Qa4 Rd8 15. f3 Bf5 16. fxe4 Nxe4 17. Nf3 exd4 18. Nxd4 Ng3 19. Rf2 Rd5 20. Nxf5 Nxf5 21. e4 Rxc5 22. exf5 Qe5 23. Bg4 a6 24. Qf4 Qd5 25. Bf3 Qxf5 26. Qxf5 Rxf5 27. b4 Rd8 28. Bg4 Re5 29. Rd1 Rde8 30. Rd7 b6 31. Rd6 Rc8 32. Bxc8 Re1+ 33. Rf1 Rxf1+ 34. Kxf1 a5 35. Rd8# 1-0

[Event "Morphy B"]
[Site "Gatineau CAN"]
[Date "2025.02.25"]
[Round "7"]
[White "Bolduc, Christian"]
[Black "Simard, Paul"]
[Result "0-1"]
[WhiteElo "1149"]
[BlackElo "1257"]
[WhiteFideId "-1"]
[WhiteFideId "-1"]
[PlyCount "72"]
[GameId "2149659239907432"]
[EventDate "2025.01.14"]
[EventType "swiss"]
[EventRounds "7"]
[EventCountry "CAN"]

1. e4 c5 2. Nc3 Nc6 3. Nf3 d6 4. Bc4 e6 5. d4 cxd4 6. Nxd4 a6 7. O-O Nf6 8. Re1 Be7 9. a3 O-O 10. b4 Qb6 11. Be3 Nxd4 12. Bxd4 Qc6 13. Qd3 b5 14. Bb3 Bb7 15. f3 Rac8 16. a4 e5 17. Be3 Qxc3 18. Qe2 Qc6 19. Bg5 h6 20. Bh4 Rfe8 21. Red1 Nh5 22. Bxe7 Nf4 23. Qf1 Rxe7 24. axb5 Qxb5 25. Qxb5 axb5 26. Rxd6 Rec7 27. h3 Ne2+ 28. Kh2 Nd4 29. Ba2 Nxc2 30. Rad1 Ne3 31. Rd7 Nxd1 32. Bxf7+ Kf8 33. Be6 Rxd7 34. Bxd7 Rc4 35. Bxb5 Rxb4 36. Bd7 Rb2 0-1

[Event "Morphy B"]
[Site "Gatineau CAN"]
[Date "2025.02.25"]
[Round "7"]
[White "Lapointe, Francois"]
[Black "Leblanc, Kathleen"]
[Result "1-0"]
[WhiteElo "1004"]
[BlackElo "952"]
[WhiteFideId "-1"]
[WhiteFideId "-1"]
[PlyCount "85"]
[GameId "2150026669625492"]
[EventDate "2025.01.14"]
[EventType "swiss"]
[EventRounds "7"]
[EventCountry "CAN"]

1. d4 d5 2. Nc3 Nf6 3. Nf3 Bf5 4. e3 Nc6 5. g3 e6 6. Bg2 Bb4 7. Ne5 Na5 8. O-O Nc4 9. a3 Bd6 10. f3 Nxe5 11. dxe5 Bxe5 12. e4 Bg6 13. f4 Bd6 14. e5 Bc5+ 15. Kh1 Ng4 16. Qxg4 d4 17. Ne4 Qd5 18. Nf6+ gxf6 19. Bxd5 exd5 20. exf6 Bxc2 21. b4 Bb6 22. Re1+ Be4+ 23. Kg1 d3+ 24. Kf1 Bd4 25. Ra2 h5 26. Qg5 O-O-O 27. Bb2 Bb6 28. a4 d2 29. Rd1 Bd3+ 30. Kg2 Be3 31. Bc3 Be4+ 32. Kh3 d4 33. Bxd2 Bf2 34. Rc1 Rd5 35. Qg7 Rhd8 36. Qxf7 c6 37. b5 h4 38. gxh4 Bf5+ 39. Kg2 Bxh4 40. bxc6 Be4+ 41. Kh3 Rh8 42. Qxb7+ Kd8 43. Qb8# 1-0

[Event "Morphy B"]
[Site "Gatineau CAN"]
[Date "2025.02.25"]
[Round "7"]
[White "Lecorre, Joel"]
[Black "Rhayem, Haythem"]
[Result "1/2-1/2"]
[WhiteElo "1419"]
[BlackElo "1482"]
[WhiteFideId "-1"]
[WhiteFideId "-1"]
[PlyCount "93"]
[GameId "2150026668974227"]
[EventDate "2025.01.14"]
[EventType "swiss"]
[EventRounds "7"]
[EventCountry "CAN"]

1. e4 c6 2. Nc3 d5 3. Nf3 a6 4. d4 Bg4 5. Be2 e6 6. e5 c5 7. Be3 cxd4 8. Nxd4 Bxe2 9. Qxe2 Nc6 10. f4 g6 11. O-O Nh6 12. Rad1 Nxd4 13. Bxd4 Nf5 14. Bf2 Bb4 15. Nb1 Qa5 16. a3 Bc5 17. c3 Qb6 18. b4 Bxf2+ 19. Rxf2 h5 20. Rd3 a5 21. Qb2 Qb5 22. Rh3 Nh6 23. Rd2 a4 24. Qc2 Qc6 25. Qd3 b5 26. Rc2 Rc8 27. Nd2 Ke7 28. Nf3 Nf5 29. Nd4 Nxd4 30. Qxd4 Qc4 31. Qxc4 Rxc4 32. Rf3 Rhc8 33. g3 d4 34. Kf2 dxc3 35. Rd3 h4 36. Ke3 hxg3 37. hxg3 f6 38. Rd4 f5 39. Kd3 Rxd4+ 40. Kxd4 Kd7 41. Rxc3 Rxc3 42. Kxc3 Kc7 43. Kd3 Kc6 44. Kd4 Kb6 45. Ke3 Kb7 46. Kd3 Kc6 47. Kd4 1/2-1/2